| 000 | 00941nam a2200313 c 4500 | ||
|---|---|---|---|
| 003 | BLK | ||
| 005 | 20190913121311.0 | ||
| 008 | 180911b bul|||||r ||||||| ||bul|| | ||
| 010 | _a004220 | ||
| 040 | _aBLK | ||
| 041 | _aFRE | ||
| 080 | _z875-2 | ||
| 100 | 1 |
_aESCHYLE _eпърви автор |
|
| 245 | 0 | 0 | _aPromethee enchaine |
| 246 | _pдрама-трагедии | ||
| 260 |
_aParis _bA. Hatier _cs.a |
||
| 300 |
_a71 с _c18 см |
||
| 380 | _a82 | ||
| 490 | _aDes Classiques pour tous | ||
| 490 |
_aЧастна колекция - Академик Михаил Арнаудов _gДарение - Основен фонд |
||
| 653 |
_9 _aдрама |
||
| 653 |
_9 _aтрагедии |
||
| 655 | _aкласическа литература | ||
| 700 | 1 |
_aEschyle _e |
|
| 700 | 1 | _a Mis en vers fr. par Pierre Demoulin | |
| 700 | 1 | _a Sous la direction de Ch. Georgin | |
| 852 | _aМА 1532 | ||
| 942 |
_cKNG _n0 |
||
| 944 |
_aCR _c1996 _kValK |
||
| 999 |
_c344555 _d344555 |
||